00760nam a2200205 a 450000100100000000500170001000800410002704000250006808200190009310000290011224500810014126000700022230000210029265000240031365000320033765000360036904900090040595201230041499900170053700002462620260114124842.0110127s1997 ck r 000 | spa d aDO-SdBNPbspacBNPHU a158.128bM527u1 aMello, Anthony de95050010aUna llamada al amor :bconsciencia, libertad, felicidad /cAnthony de Mello. aSantafé de Bogotá, (Colombia) :bEdiciones La Verdad ,c1997. a131 p. ;c20 cm. 0aMeditaciones 95988 4aRetiros espirituales950501 4aReflexión (filosofía)97164 aBNGR 001054708MOaGRbGRcCTd2011-02-01iLF1l0o158.128 M527up24626-10r2020-06-25w2020-06-25y4ZPréstamo en sala c24119d24119